Mammifères - Espèces - Statistiques

Statistiques générales
  • Ce quiz a été pris 31 fois
  • Le résultat moyen est 9 sur 32
Statistiques - réponses
Par images Réponse % Correct
Raton laveur
65%
Hérisson d'Europe
59%
Renard roux
59%
Loup gris
47%
Chien viverrin
41%
Belette d'Europe
35%
Blaireau d'Europe
35%
Fouine
35%
Hermine
35%
Putois d'Europe
35%
Taupe d'Europe
35%
Castor d'Europe
29%
Chacal doré
29%
Chevreuil européen
29%
Lapin de garenne
29%
Loutre d'Europe
29%
Pipistrelle sp.
29%
Sanglier d'Europe
29%
Cerf élaphe
24%
Lièvre d'Europe
24%
Chat forestier
18%
Crossope aquatique
18%
Martre des pins
18%
Noctule sp.
18%
Oreillard sp.
18%
Rhinolophe sp.
18%
Crocidure musette
12%
Murin sp.
6%
Musaraigne couronnée
6%
Musaraigne pygmée
6%
Sérotine sp.
6%
Crocidure leucode
0%
Aucun quiz correspondant
Distribution des résultats
% des personnes avec chaque résultat
Percentile par nombre de réponses
Votre historique - résultats
Vous n’avez pas pris ce quiz